[Event "Lost Boys op"]
[Site "Antwerp"]
[Date "1998.08.04"]
[Round "5"]
[White "Finkel, Alexander"]
[Black "Hommeles, Theo"]
[Result "1/2-1/2"]
[WhiteElo "2455"]
[BlackElo "2345"]
[Annotator "Finkel,A"]
[PlyCount "87"]
[EventDate "1998.08.??"]
[EventType "swiss"]
[EventRounds "9"]
[EventCountry "BEL"]
[SourceTitle "CBM 067"]
[Source "ChessBase"]
[SourceDate "1998.11.30"]
[SourceVersion "2"]
[SourceVersionDate "1998.11.01"]
[SourceQuality "1"]

1. e4 e5 2. Nc3 Nf6 3. g3 Bc5 4. Bg2 O-O 5. Nge2 Re8 6. O-O Nc6 7. h3 (7. d3 a6
8. h3 d6 9. Kh2 Re6 $2 10. Nd5 Nd4 11. Nxd4 Bxd4 12. c3 Ba7 13. Bg5 $16 {
Hellsten,J-Pedersen,N/Aarhus op 1993 (33)}) 7... Nd4 (7... a6 8. Kh2 Nd4 9. d3
c6 10. f4 d5 11. fxe5 Rxe5 $13 {Kaulfuss,H-Kraft,M/Hofheim MVT 1995 (15)}) 8.
Kh2 c6 9. d3 (9. f4 $5 Nxe2 10. Nxe2 d5 11. fxe5 Nxe4 12. d3 Ng5 13. h4 Ne6 14.
d4 $14 {Motwani,P-Van Gisbergen,S/Sas van Gent 1992 (24)}) 9... d5 10. f4 (10.
Bg5 $2 Ng4+ 11. hxg4 Qxg5 12. f3 h5 13. Qc1 Qxc1 14. Raxc1 hxg4 $17 {
Wagenmakers,E-Van Gisbergen,S/NLD-ch sf 1993 (32)}) 10... Nxe2 11. Qxe2 Bd4 $1
12. Bd2 $6 ({Deserved attention} 12. f5 $5 Bxc3 13. bxc3 dxe4 14. dxe4 Qa5 15.
c4 $13 {with complicated position.}) 12... dxe4 13. dxe4 exf4 14. gxf4 Bf5 $1
$15 {Now black seizes the initiative and white has to be very carefull to keep
the balance.} 15. Rad1 $5 Qc8 (15... Qc7 16. Qd3 $5 Bxc3 17. Bxc3 Bxe4 18. Bxe4
Nxe4 19. Be5 Rxe5 20. fxe5 Qxe5+ 21. Kg2 f5 $13) (15... Qb6 $5 16. Na4 Qc7 17.
c3 (17. Qd3 $6 Bxe4 18. Qxd4 Bxg2 19. Kxg2 Re4 $17) 17... Bb6 18. Nxb6 axb6 19.
e5 Rxa2 20. Bc1 $15) 16. e5 Bxc2 17. Rc1 (17. Qc4 $6 Bxc3 18. Qxc3 Bxd1 19.
exf6 Be2 20. Qg3 g6 21. Qg5 Re6 22. f5 Re5 $19) 17... Bf5 (17... Bxc3 18. Rxc2
$1 (18. bxc3 Bf5 19. c4 Qe6 20. Bc3 Rad8 21. Qb2 Ne4 $15) 18... Bxd2 19. Rxd2
Nd7 (19... Qf5) 20. Rfd1 Nf8 21. b4 Qf5 22. Qg4 Qxg4 23. hxg4 Ne6 24. Kg3 $44)
18. Nb5 {Forcing the endgame with almost equal chanses.} Qd7 (18... Bb6 $6 19.
Nd6 $16) 19. Nxd4 Qxd4 20. Be3 Qd3 $8 21. Qxd3 Bxd3 22. Rfd1 Bf5 23. Rc3 $1 {
[%cal Gc3b3]} Nd7 24. Rb3 $132 ({Another possibility was} 24. Be4 $5 Bxe4 25.
Rxd7 b5 26. Bxa7 Red8 27. Rxd8+ Rxd8 28. Be3 $11) 24... Nb6 (24... Reb8 25. Rb4
Kf8 26. Be4 $5 Bxe4 27. Rxd7 Bd5 28. Rbxb7 Rxb7 29. Rxb7 Bxa2 30. Bc5+ Kg8 31.
Bxa7 $11) 25. Rb4 $5 h6 $6 (25... Rad8 26. Rxd8 Rxd8 27. Bxb6 axb6 28. Rxb6 Bc8
29. Kg3 f6 $11) (25... f6 $1 26. Bxb6 axb6 27. Rxb6 (27. exf6 b5 $1 28. fxg7
Rxa2 $17) 27... fxe5 28. Rxb7 (28. fxe5 Bc8 $17 {[%csl Ra2,Re5]}) 28... exf4
29. Bxc6 Re2+ 30. Kg1 Bxh3 31. Bf3 $15 {[%csl Ra8][%cal Gb7g7]}) 26. Bxb6 axb6
27. Rxb6 Re7 $11 28. a3 {Now the position is totally balanced and the draw is
not far away.} Ra4 $5 29. Kg3 g5 30. Rb4 Rxb4 31. axb4 Rd7 $1 {The simplest
way to draw.} 32. Rxd7 Bxd7 33. h4 f6 $6 {Of course this move also leads to
draw,but there was no reason to sacrifice anything.} (33... gxf4+ 34. Kxf4 b6
35. Be4 Kf8 36. Bf5 Be8 $11) 34. exf6 gxh4+ 35. Kxh4 Kf7 36. Kh5 Kxf6 37. Kxh6
Bg4 $1 {Cutting the white king off.} 38. Be4 Bf5 39. Bf3 Bh3 40. b5 cxb5 (40...
Kf5 41. Bxc6 Bf1 (41... bxc6 $2 42. b6 Kxf4 43. b7 $18) 42. b6 Ba6 $11) 41.
Bxb7 Bg4 42. Be4 (42. b4 $5 Kf5 43. Kg7 Kxf4 44. Kf6 Bh3 45. Bc6 Bg4 $1 46.
Bxb5 Ke4 $11) 42... b4 43. Bd3 Bd1 44. Be4 1/2-1/2

[Event "WchT 4th"]
[Site "Luzern"]
[Date "1997.10.25"]
[Round "1.3"]
[White "Arakhamia Grant, Ketevan"]
[Black "Kazhgaleyev, Murtas"]
[Result "1/2-1/2"]
[WhiteElo "2430"]
[BlackElo "2500"]
[Annotator "Finkel,A"]
[PlyCount "54"]
[EventDate "1997.10.25"]
[EventType "team-tourn"]
[EventRounds "9"]
[EventCountry "SUI"]
[SourceTitle "CBM 062"]
[Source "ChessBase"]
[SourceDate "1998.01.31"]
[SourceVersion "1"]
[SourceVersionDate "1998.01.31"]
[SourceQuality "1"]
[WhiteTeam "Georgia (w)"]
[BlackTeam "Kazakhstan"]
[WhiteTeamCountry "GEO"]
[BlackTeamCountry "KAZ"]

1. e4 e5 2. Nc3 Nf6 3. g3 d5 4. exd5 Nxd5 5. Bg2 Nxc3 6. bxc3 Bd6 7. Nf3 O-O 8.
O-O Nd7 9. Re1 (9. d4 $5 exd4 10. cxd4 Nf6 (10... Nb6 11. Qd3 Qf6 12. c4 $5 Bf5
13. Qb3 Be6 14. d5 $5 Qxa1 15. Bb2 Qxf1+ 16. Bxf1 $14) 11. c4 c6 12. Re1 Bf5
13. Nh4 Be6 14. d5 (14. Qd3 $5 $14) 14... cxd5 15. cxd5 Bg4 16. Qd3 $6 (16. Qd4
$1) 16... Bb4 $1 $132 17. Rf1 Re8 18. Be3 {1/2-1/2 Zarnicki Pablo-Morovic
Fernandez Ivan/Ch Argentina, Argentina 1995}) 9... h6 (9... Re8 10. d4 exd4 11.
Rxe8+ Qxe8 12. cxd4 Nf6 13. Bg5 Qd8 $5 (13... Ne4 $6 14. Qd3 $1 Bf5 15. Nh4 $1
$16) 14. c4 $40 h6 15. Bxf6 (15. Be3 $5 $14 c6 16. Qb3 Rb8 17. Rd1 $40 Be6 $140
$6 18. d5 $1 cxd5 19. cxd5 $16) 15... Qxf6 16. c5 Bf8 17. Rb1 $14 {Motwani,
P-Arencibia,W/Erevan olm 1996 (24)}) 10. d4 exd4 11. cxd4 Nb6 (11... Re8 12.
Rxe8+ Qxe8 13. c4 c5 14. Bb2 Nb6 15. Rc1 $5 Be6 16. d5 $14 {Lima,D-Rubinetti,J/
Sao Paulo zt 1993/1-0 (50)}) 12. Qd3 (12. Ne5 $6 c6 13. Qh5 Qf6 14. c4 Bxe5 $1
15. dxe5 Qe6 16. c5 Nd5 $132 {Brustkern,J-Meissner,H/OLNO 1992 (44)}) 12... c5
$5 {Interesting move which nevertheless does not fully equalizes position.} (
12... Be6 $2 13. Rxe6 $1 fxe6 14. Bxh6 $1 Qd7 (14... gxh6 $2 15. Qg6+ Kh8 16.
Qxh6+ Kg8 17. Bh3 $1 Rf6 18. Bxe6+ Rxe6 19. Qxe6+ Kg7 20. Qg4+ {[%csl Rg7]
[%cal Ga1e1,Ge1e6,Ge6h6]} (20. c4 $6 Qd7 $1 21. Qxd7+ Nxd7 22. Kg2 Rf8 $13)
20... Kh8 21. Re1 Qd7 22. Re6 $18) 15. Be3 Rf5 16. Nh4 Rf7 17. Bxb7 Rb8 18. Be4
$16) 13. a4 $1 $14 {Probably the best reaction.An attempt to open the position
and try to use an advantage in development does not succede:} (13. dxc5 Bxc5
14. Qb5 Qd5 $1 {[%cal Gd5b5,Gc5f2]} 15. Rb1 Bd7 16. Qb3 Qxb3 17. cxb3 Bc6 $1
$11) 13... c4 (13... Qf6 14. a5 Bf5 15. Qb3 Nd7 (15... c4 16. Qb5 Nd7 17. Qxb7
Rfb8 18. Qd5 $16) 16. Bb2 $1 c4 $1 17. Qxc4 (17. Qxb7 $2 Rab8 $19 {[%cal Gb8b2]
}) 17... Rac8 18. Qd5 Rxc2 19. Ba3 $14) 14. Qd2 Be6 15. c3 Rc8 16. Ba3 Nd5 (
16... Bxa3 17. Rxa3 Qd6 18. Raa1 Nd7 19. Rab1 (19. Ne5 Rfd8 $5 20. Nxd7 Rxd7
21. Rab1 b6 22. a5 $14) 19... Rc7 20. Re2 Rd8 21. Rbe1 b6 22. Qc2 $14) 17. Ne5
Bxa3 18. Rxa3 Re8 19. a5 Rc7 20. Bf1 $6 {The best place for the bishop is
square g2 and there was no reason to move it.Better was immediate} (20. Ra4 $14
) 20... Nf6 21. Ra4 Qc8 22. Rb4 Bd5 $5 23. Rb5 a6 24. Rb6 Ne4 $1 $132 {Using
the fact that bishop has moved from g2 black creates counterplay.} 25. Qc2 Ng5
26. f4 $8 Rxe5 (26... Nh3+ 27. Bxh3 Qxh3 28. Rd6 Bc6 (28... Be6 $6 29. Re3 Rce7
30. Qe2 Kf8 31. d5 Bf5 32. Nxc4 Rxe3 33. Nxe3 Be4 34. c4 $16) 29. d5 Bd7 30.
Qf2 Bf5 31. Rb6 $14 {[%cal Gd5d6]}) 27. Rxe5 Nf3+ $13 1/2-1/2

[Event "Tilburg Fontys"]
[Site "Tilburg"]
[Date "1997.10.08"]
[Round "10"]
[White "Shaked, Tal"]
[Black "Leko, Peter"]
[Result "0-1"]
[WhiteElo "2500"]
[BlackElo "2635"]
[Annotator "Ftacnik,L"]
[PlyCount "88"]
[EventDate "1997.09.27"]
[EventType "tourn"]
[EventRounds "11"]
[EventCountry "NED"]
[EventCategory "17"]
[SourceTitle "CBM 061"]
[Source "ChessBase"]
[SourceDate "1997.11.23"]
[SourceVersion "1"]
[SourceVersionDate "1997.11.23"]
[SourceQuality "1"]

1. e4 e5 2. g3 Nc6 3. Nf3 Nf6 4. Nc3 Bc5 5. Bg2 d6 6. d3 a6 7. O-O O-O 8. Be3 (
8. h3 h6 9. Be3 Bxe3 10. fxe3 Be6 11. Nh4 g6 12. Kh2 Nh7 13. d4 Bd7 14. Nd5 Kg7
15. c3 f6 16. Rc1 Ne7 17. c4 c6 18. Nc3 Qc7 19. c5 dxc5 20. dxc5 Be6 21. Qa4
Rad8 22. Rcd1 Ng5 {Biro,S-Lukacs,P/Zalakaros op 1996/1/2-1/2 (43)}) 8... Bxe3 (
8... Be6 9. d4 exd4 10. Nxd4 Nxd4 11. Bxd4 Bxd4 12. Qxd4 Qd7 13. Rfe1 Rad8 14.
Rad1 Qc8 15. Qb4 b6 16. a4 Qb8 17. Qd4 Rfe8 18. h3 Qc8 19. Kh2 Bd7 20. f4 c5
21. Qd3 Bc6 22. g4 h6 23. b3 Qa8 {1/2-1/2 Makarichev,S-Jussupow,A/URS-ch47
Minsk 1979/URS-ch (29)}) 9. fxe3 Ne7 10. Nh4 c6 (10... Bg4 11. Qd2 Qd7 12. d4
Rad8 13. Rf2 c6 14. Raf1 Rfe8 15. d5 Rc8 16. a3 Rc7 17. Qd3 Rec8 18. Na4 cxd5
19. Nb6 dxe4 20. Bxe4 Qe6 21. Nxc8 Nxc8 22. Bg2 {Marinkovic,I-Papatheodorou,T/
Athens op 1993/1-0 (49)}) 11. d4 Ng4 12. Qd2 Nh6 13. Rad1 (13. dxe5 dxe5 14.
Rad1 Be6 $15) 13... Bg4 14. Bf3 (14. Nf3 Qc7 15. h3 Bxf3 16. Rxf3 Rad8 $11)
14... Be6 15. Qe2 (15. d5 cxd5 16. exd5 Bd7 $15) 15... b5 16. b3 (16. dxe5 Bc4
17. Qe1 Bxf1 18. Kxf1 b4 19. Nb1 Ng6 $17) 16... Qa5 17. Qd2 Qc7 18. Kh1 (18. d5
cxd5 19. exd5 Bh3 $17) 18... Rad8 19. Bg2 f6 20. a4 (20. d5 Bg4 $17) 20... b4
21. Nb1 (21. Ne2 a5 22. c4 bxc3 23. Qxc3 Rb8 24. d5 Bg4 $15) 21... a5 22. Qe2 (
22. c4 $5 bxc3 23. Qxc3 Rb8 24. Nd2 $15) 22... d5 $1 {Black pawns tructure,
unlike the one of his opponent, remains very flexible and dynamic. Im
Gegenteil zum Weiss ist die schwarze Bauernstruktur sehr flexibel un beweglich.
} 23. Nd2 Rfe8 24. Nhf3 (24. dxe5 fxe5 $15) 24... Nf7 25. Qf2 (25. dxe5 Nxe5 (
25... fxe5 26. exd5 cxd5 27. e4 $1 Rf8 $15 (27... Qxc2 $6 28. Rc1 Qb2 29. Rb1
$11)) 26. Nxe5 Qxe5 $17) 25... Bc8 26. Rfe1 Ng6 27. dxe5 dxe4 (27... Nfxe5 28.
exd5 Ng4 29. Qg1 cxd5 30. Nd4 $15) 28. Nxe4 (28. e6 $5 Nd6 29. Nd4 Bxe6 30.
Nxe4 Nxe4 31. Bxe4 Bg4 32. Bf3 Ne5 $15) 28... Ngxe5 29. Nd4 (29. Nxe5 Nxe5 $17)
29... c5 30. Nb5 Qe7 31. h3 Bb7 32. Nd2 (32. Qf5 Rxd1 33. Rxd1 Nc4 34. bxc4
Bxe4 35. Bxe4 Qxe4+ 36. Qxe4 Rxe4 37. Rd2 Rxe3 $17) 32... Ng5 33. e4 (33. Bxb7
Qxb7+ 34. Qg2 Qxg2+ 35. Kxg2 Rd7 36. Nb1 Red8 37. Rxd7 Rxd7 $17) 33... Rd7 34.
h4 Ngf7 (34... Ne6 35. Nf1 Red8 36. Rxd7 Rxd7 37. Ne3 $15) 35. Nf1 c4 $1 36.
Ne3 (36. Rxd7 Qxd7 37. Qb6 $1 cxb3 38. cxb3 Nd3 (38... Nc6 $6 39. Ne3 $11) 39.
Re2 Re5 40. Qxa5 Nd6 41. Kh2 Nxb5 42. axb5 Rxb5 $15) 36... cxb3 37. Nf5 (37.
cxb3 $2 Nd3 38. Qd2 Bxe4 $19) 37... Qd8 38. Rxd7 (38. Nfd4 b2 $1 39. Bh3 Nd6
40. Bxd7 Nxe4 41. Be6+ Rxe6 $19) 38... Qxd7 39. cxb3 g6 $1 (39... Nd3 $6 40.
Qd2 $1) 40. Ne3 (40. Qb6 gxf5 41. Nc7 Rc8 $19) 40... Nd3 {Decisive, since the
attacker is better coordinated and white has lot of weaknesses (b3,d3,e4,g3).
Entscheidend, weil der Angreiffer ist besser koordiniert, Weiss hat ganze
Rheie von Schwachen (b3,d3,e4,g3).} 41. Qd2 $8 Bxe4 42. Kh2 (42. Bxe4 $2 Qh3+
$1 43. Qh2 Qxh2+ 44. Kxh2 Nxe1) 42... Bxg2 43. Nxg2 (43. Kxg2 $2 Nf4+ $19)
43... Rxe1 44. Nxe1 Nfe5 (44... Nfe5 45. Kg2 (45. Kg1 Nxe1 46. Qxd7 Nxd7 $19)
45... Qd5+ 46. Kf1 Qh1+ 47. Ke2 Nxe1 48. Qxe1 Qf3+ 49. Kd2 Qxb3 $19) 0-1

[Event "Bad Woerishofen op 26th"]
[Site "Bad Woerishofen"]
[Date "2010.03.10"]
[Round "5"]
[White "Rozentalis, Eduardas"]
[Black "Pirrot, Dieter"]
[Result "1/2-1/2"]
[WhiteElo "2628"]
[BlackElo "2414"]
[Annotator "Gutman,L"]
[PlyCount "47"]
[EventDate "2010.03.05"]
[EventType "swiss"]
[EventRounds "9"]
[EventCountry "GER"]
[SourceTitle "CBM 135 Extra"]
[Source "ChessBase"]
[SourceDate "2010.05.04"]
[SourceVersion "1"]
[SourceVersionDate "2010.05.04"]
[SourceQuality "1"]

1. e4 e5 2. Nc3 Nc6 3. g3 Bc5 4. Bg2 Nf6 5. Nf3 d6 6. d3 a6 7. O-O O-O 8. Nd5 (
{Damit ist nicht viel zu erreichen,} 8. h3 {wird meist gespielt.}) 8... Nxd5 9.
exd5 Ne7 10. d4 exd4 11. Nxd4 Nf5 12. Nb3 (12. Nf3 Qf6 13. c3 Bd7 14. Bf4 h6
15. Nd2 Bb6 {ergab Ausgleich in Babrikowski-Vogt, Suhl 1979.}) 12... Ba7 $5 ({
Dies ist etwas genauer als} 12... Bb6 13. Bd2 Bd7 14. Ba5 Bxa5 $5 ({nach} 14...
Qf6 15. Bxb6 cxb6 16. c3 Rfe8 17. Nd2 b5 18. Re1 {[%emt 0:33:04] gefällt die
weiße Stellung etwas besser, remis Spassky-Rivas Pastor, Saloniki Olympiade})
15. Nxa5 Qf6 16. c3 Rfe8 {und das Spiel steht gleich.}) 13. Qd3 Re8 14. Bd2 Bd7
15. c4 Qf6 16. Bc3 Qg5 17. Rae1 h5 18. Rxe8+ Rxe8 19. Re1 Rxe1+ 20. Bxe1 h4 21.
Bd2 Qf6 ({Der Schwarze gibt sich respecktvoll mit Zugwiederholung zufrieden,
wobei} 21... Qg4 $5 22. Bf3 Qg6 23. g4 h3 24. Bd1 Ne7 25. Qxh3 Qe4 {gute
Angriffschancen versprach.}) 22. Bc3 Qg5 23. Bd2 Qf6 24. Bc3 1/2-1/2

[Event "EU-ch 4th"]
[Site "Istanbul"]
[Date "2003.06.11"]
[Round "11"]
[White "Minasian, Artashes"]
[Black "Graf, Alexander"]
[Result "0-1"]
[WhiteElo "2555"]
[BlackElo "2630"]
[Annotator "Hecht,H"]
[PlyCount "174"]
[EventDate "2003.05.30"]
[EventType "swiss"]
[EventRounds "13"]
[EventCountry "TUR"]
[SourceTitle "CBM 096"]
[Source "ChessBase"]
[SourceDate "2003.09.25"]
[SourceVersion "1"]
[SourceVersionDate "2003.09.25"]
[SourceQuality "1"]

1. e4 e5 2. Nf3 Nc6 3. Nc3 Nf6 4. g3 Bc5 5. Bg2 d6 6. d3 a6 7. O-O Bd7 8. Be3
Bxe3 9. fxe3 O-O 10. Nh4 g6 11. Qd2 Kg7 12. Rf3 Ne7 13. Raf1 Neg8 14. h3 c6 15.
Qe1 h5 16. R3f2 Nh7 17. Kh2 Ng5 18. Ne2 Qe7 19. Ng1 Nh6 20. Ngf3 Nh7 21. Nd2
Rad8 22. Qe2 f6 23. d4 Be6 24. c4 c5 25. Qd3 Nf7 26. d5 Bd7 27. Rb1 a5 28. a3
Ra8 29. b3 Rfb8 30. a4 Rh8 31. Rbf1 Raf8 32. Qe2 Nh6 33. Rh1 Ng5 34. Kg1 Qd8
35. Nhf3 Rf7 36. Nxg5 fxg5 37. Rxf7+ Kxf7 38. Kf2 Kg7 39. Ke1 g4 40. h4 g5 41.
Kd1 Be8 42. Qe1 Bg6 43. Rf1 Ng8 44. Nb1 Nf6 45. Nc3 Rf8 46. hxg5 Nh7 47. Rxf8
Kxf8 48. Ke2 Nxg5 49. Qf1+ Kg7 50. Kd3 Nf7 51. Qf2 Ng5 52. Qf1 Be8 53. Qf2 Bd7
54. Nb5 Qe7 55. Ke2 Bxb5 56. axb5 {[#] Ideeller Mehrbauer und die bessere
Leichtfigur auf schwarzer Seite. Bei fast vollständig blockierter Stellung
muss Schwarz zu h4 kommen. Danch folgt eine lange Lavierphase mit viel Hin-
und Herzieherei. Das Gebot in solch langwierigen Endspielen lautet gewiss
"Bonussekunden schinden". Kleine Taktik: Pattidee} Qf6 57. Qe1 b6 58. Qh1 Kh6
59. Qh4 Nh7 60. Ke1 (60. Qxf6+ Nxf6 61. Kf2 Kg5 62. Kg1 h4 63. Kh2 (63. gxh4+
Kxh4 64. Kf2 Nh7 65. Bh1 Ng5 66. Bg2 Nh3+ 67. Ke1 Kg3 68. Bf1 Nf2 $19) 63... h3
64. Bf1 Nxe4 65. Bd3 Nd2 66. Bc2 Nf1+ $19) 60... Qg5 (60... Qxh4 $2 61. gxh4
Nf8 62. Kf2 Ng6 63. Kg3 $11) 61. Ke2 Nf8 62. Qh1 Qf6 63. Qe1 Ng6 64. Qh1 h4 65.
Qh2 Kg7 66. gxh4 Qxh4 67. Qg1 Kh6 68. Qf1 Qg3 69. Bh1 Kg7 70. Kd2 Qh2+ 71. Kc3
Nh4 72. Qd1 Qg3 73. Kd3 Ng6 74. Kc2 Kh6 75. Qf1 Qh2+ 76. Bg2 Kg7 77. Kd3 Nh4
78. Bh1 Ng6 79. Bg2 Nh4 80. Bh1 g3 81. Qd1 Qh3 82. Bf3 g2 83. Bxg2 Qxg2 84. b4
axb4 85. Qa1 b3 {Löst die Pattstellung durch Freimachen des Feldes c3 auf.} (
85... Nf3 $2 86. Qa7+ Kh6 87. Qh7+ Kg5 88. Qg6+ Kh4 89. Qh5+ (89. Qxg2 Ne1+ $19
) 89... Kg3 90. Qh4+ {mit Pattschluss}) 86. Qa7+ Kg6 87. Qg7+ Kxg7 0-1

[Event "Reykjavik Hrokurinn"]
[Site "Reykjavik"]
[Date "2003.02.20"]
[Round "3"]
[White "Stefansson, Hannes"]
[Black "Macieja, Bartlomiej"]
[Result "1/2-1/2"]
[WhiteElo "2569"]
[BlackElo "2629"]
[Annotator "Hecht,H"]
[PlyCount "163"]
[EventDate "2003.02.18"]
[EventType "tourn"]
[EventRounds "9"]
[EventCountry "ISL"]
[EventCategory "15"]
[SourceTitle "CBM 094"]
[Source "ChessBase"]
[SourceDate "2003.05.26"]
[SourceVersion "1"]
[SourceVersionDate "2003.05.26"]
[SourceQuality "1"]

1. e4 e5 2. Nf3 Nf6 3. Nc3 Nc6 4. g3 Bc5 5. Bg2 d6 6. d3 a6 7. h3 h6 8. Be3
Bxe3 9. fxe3 Ne7 10. Nh4 c6 11. Qf3 d5 12. g4 dxe4 13. Nxe4 Nxe4 14. Qxe4 Qa5+
15. b4 Qd5 16. c4 Qxe4 17. Bxe4 g6 18. Kd2 Be6 19. Kc3 O-O 20. a4 Kh7 21. Rhg1
Nc8 22. Bh1 Nd6 23. c5 Nc8 24. Nf3 f6 25. Nd2 Ne7 26. Nc4 Rad8 27. Nd6 b6 28.
Nc4 Bxc4 29. Kxc4 bxc5 30. bxc5 Nd5 31. Bxd5 cxd5+ 32. Kb4 d4 33. e4 Rc8 34.
Rgc1 f5 35. Kc4 fxe4 36. dxe4 Rfd8 37. Ra3 Rc7 38. Rb3 g5 39. Rcb1 Rdc8 40. Rb7
Rxb7 41. Rxb7+ Kg6 42. Rb6+ Kf7 43. Rxa6 Rd8 44. c6 Ke7 45. Ra5 Kd6 46. Rd5+
Kc7 47. a5 Rd6 48. Kd3 Re6 49. Rc5 Re8 50. Kc4 Rd8 51. Rd5 Rd6 52. Kd3 Re6 53.
Rb5 Re8 54. Rc5 Kd6 55. Kc4 Kc7 56. a6 Ra8 57. Ra5 Kb6 58. Rxe5 Rxa6 59. Kxd4 {
Zwei Mehrbauern als Einzelfreibauern mit Königsunterstützung Der entscheidende
Vorteil für Weiß ist leicht nachvollziehbar. Doch nachdem Schwarz ebenfalls
einen Freibauern erhält, bekommt das Remis klare Konturen.} Ra4+ 60. Kd5 Ra3
61. Kd6 Rxh3 62. Kd7 Rd3+ 63. Rd5 Rf3 64. Rd6 $5 (64. e5 $1 $18 {ist ein
Selbstläufer}) (64. c7 Rf7+ 65. Kd8 Rxc7 66. Rd6+ Rc6 67. e5 (67. Rxc6+ Kxc6
68. Ke7 h5 69. gxh5 g4 70. h6 g3 71. h7 g2 72. h8=Q g1=Q {gewinnt zwar auch,
wäre aber sehr mühsam.}) 67... h5 68. Rxc6+ Kxc6 69. e6 $18) 64... Rf7+ 65. Ke6
Rf4 66. Kd7 Rf7+ 67. Kd8 Rf8+ 68. Ke7 Rf4 69. e5 Kc7 70. Rxh6 Rxg4 71. Rg6 Rg1
72. Ke8 g4 73. Kf8 g3 74. e6 g2 75. e7 Rf1+ 76. Ke8 g1=Q 77. Rxg1 Rxg1 78. Kf7
Rf1+ 79. Ke6 Re1+ 80. Kf7 Kxc6 81. e8=Q+ Rxe8 82. Kxe8 1/2-1/2

[Event "EU-chT (Men) 13th"]
[Site "Leon"]
[Date "2001.11.06"]
[Round "1.3"]
[White "Hector, Jonny"]
[Black "Rama, Lorenc"]
[Result "1-0"]
[WhiteElo "2528"]
[BlackElo "2311"]
[Annotator "Hecht,H"]
[PlyCount "89"]
[EventDate "2001.11.06"]
[EventType "team-swiss"]
[EventRounds "9"]
[EventCountry "ESP"]
[SourceTitle "CBM 086"]
[Source "ChessBase"]
[SourceDate "2002.02.05"]
[SourceVersion "1"]
[SourceVersionDate "2002.02.05"]
[SourceQuality "1"]
[WhiteTeam "Sweden"]
[BlackTeam "Albania"]
[WhiteTeamCountry "SWE"]
[BlackTeamCountry "ALB"]

1. e4 e5 2. Nf3 Nc6 3. Nc3 Nf6 4. g3 Bc5 5. Bg2 d6 6. d3 a6 7. Be3 Bg4 8. h3
Bxf3 9. Qxf3 Nd4 10. Qd1 Ne6 11. Qd2 Bxe3 12. Qxe3 h5 13. Ne2 h4 14. O-O-O Nh5
15. d4 Qg5 16. Qxg5 Nxg5 17. dxe5 dxe5 18. Rd5 f6 19. Rhd1 Ne6 20. Bf3 g6 21.
gxh4 Rd8 22. Bg4 Rxd5 23. exd5 Nef4 24. Ng3 f5 25. Bxh5 Nxh5 26. d6 c6 27. Nxh5
Rxh5 28. Rg1 Rxh4 29. Rxg6 Kd7 30. Kd2 Rxh3 31. Rg7+ Kxd6 32. Rxb7 Rh2 33. Ke3
f4+ 34. Kf3 e4+ 35. Kxe4 Rxf2 36. c3 Kc5 37. a4 {[#] Der Randkönig - Taktik}
Kc4 $2 (37... a5 $11) 38. Rb4+ Kc5 39. a5 {[%csl Ra6,Rc6][%cal Rb4b6]} Rf1 40.
Kd3 $2 (40. Rb6 $1 Kc4 41. Rxc6+ Kb5 42. Rf6 Kxa5 43. Rxf4 Rxf4+ $2 (43... Rh1
$142 $16) 44. Kxf4 Ka4 45. Ke3 Kb3 46. Kd3 a5 47. c4 a4 48. c5 Kxb2 49. c6 a3
50. c7 a2 51. c8=Q a1=Q 52. Qb7+ Kc1 53. Qc6+ Kb2 54. Qb5+ Kc1 55. Qc4+ Kb2 56.
Qb4+ $18) 40... f3 41. Rf4 Kb5 42. Rf5+ Ka4 43. Kc4 c5 $2 (43... Rb1 $1 44. b4
Rf1 45. Rf4 f2 46. Rf3 Ka3 47. Kc5 Kb3 48. Kxc6 Rh1 (48... Rc1 49. Rxf2 Rxc3+
50. Kb6 Kxb4 51. Rf4+ Kb3 52. Kxa6 $18) 49. Rxf2 Rh6+ 50. Kb7 Kxc3 51. Rf4 Rg6
52. b5 axb5 53. a6 b4 $11) 44. Kxc5 Kxa5 $2 (44... Kb3 45. Kb6 Kxb2 46. c4 Kc3
47. c5 f2 48. c6 Rb1+ 49. Kxa6 f1=Q+ 50. Rxf1 Rxf1 51. c7 Rf8 52. Kb7 Kb4 53.
a6 Kb5 54. a7 $18) 45. b3 $1 {[%cal Rc5c6]} 1-0

[Event "Rishon Le Ziyyon YM"]
[Site "Rishon Le Ziyyon"]
[Date "1995.??.??"]
[Round "7"]
[White "Finkel, Alexander"]
[Black "Mikhalevski, Victor"]
[Result "1-0"]
[WhiteElo "2505"]
[BlackElo "2525"]
[Annotator "Hecht,H"]
[PlyCount "101"]
[EventDate "1995.02.??"]
[EventType "tourn"]
[EventRounds "11"]
[EventCountry "ISR"]
[EventCategory "11"]
[SourceTitle "CBM 046"]
[Source "ChessBase"]
[SourceDate "1995.06.01"]
[SourceVersion "1"]
[SourceVersionDate "1995.06.01"]
[SourceQuality "1"]

1. e4 e5 2. Nc3 Nf6 3. g3 d5 4. exd5 Nxd5 5. Bg2 Nxc3 6. bxc3 Nc6 7. Rb1 Bc5 8.
Ne2 O-O 9. O-O Re8 10. d3 Bb6 11. c4 Ne7 12. h3 Nf5 13. Kh2 c6 14. Nc3 Qf6 15.
Ne4 Qg6 16. a4 h5 17. h4 Nd4 18. c3 Ne6 19. Nd6 Rf8 20. Bf3 Nc5 21. Nxc8 Rfxc8
22. a5 Bxa5 23. Ba3 b6 24. Bxh5 Qxd3 25. Bxc5 Qxd1 26. Rfxd1 bxc5 27. Rd7 Rc7
28. Bxf7+ Kf8 29. Be6 Re8 30. Rxc7 Bxc7 31. Rb7 Rxe6 32. Rxc7 e4 33. Rxa7 e3
34. fxe3 Rxe3 35. Ra5 $18 {Die weissen Figuren (R+K) sind aktiver als die
scharzen, außerdem verfügt er über Raumvorteil. Der Gewinn wird durch Umgehung
am Königsflügel erzielt..} Re5 36. Kg2 Rf5 (36... Ke7 37. Kf3 Kf6 38. g4 Ke6
39. Kf4 $18) 37. Ra7 Re5 38. Kf3 g6 39. Rc7 Re6 40. g4 Kg8 41. Kf4 Kf8 42. Kg5
Kg8 43. Kh6 Re4 44. Rg7+ Kf8 45. Rxg6 Rxc4 46. h5 Rxc3 47. g5 Ke7 48. Rxc6 Kd7
49. Rf6 Ke7 50. Rf2 Rg3 51. g6 1-0